000 00430nam a22001817a 4500
003 MPLRDC
005 20220104124153.0
008 210129b ||||| |||| 00| 0 eng d
020 _a7-80533-022-0
082 _a869.3 HDP v.2
100 _a黄东平
245 _a赤道线上(下)
_c
250 _a一版一刷
260 _a
_b鹭江出版社
_c1987
300 _b
650 _a印尼文学
942 _cBK
_o869.3 HDP v.2
999 _c17188
_d17178